00444nam a22001577a 4500003000400000020001800004082001800022100002400040245003200064250000800096260003300104300000700137942001200144952011300156999001700269SGT a9786206651276 a617.601bS23P aPriyadarshi, Surbhi aSchool Oral Health Programs a1st bLambert Academic Pub. c2023 a91 2ddccBK 00102ddc4071aFDbFDcREFd2024-09-30iSGTUl0o617.601 S23PpFD9590r2024-09-30 00:00:00w2024-09-30yBK c27064d27064